| 000 | 00387nam a22001457a 4500 | ||
|---|---|---|---|
| 082 |
_a695 _bCOT _cL-14, P-72 |
||
| 100 |
_aCotgrave, Jhon E _945594 |
||
| 245 |
_aThe ABC of roofing _cCotgrave, Jhon E |
||
| 250 | _a2ed | ||
| 260 |
_aLondon _bCrosby Lockwood & Son Ltd _c1948 |
||
| 300 |
_ap-46 _bill |
||
| 526 |
_a0 _b0 _c0 _d695_000000000000000_COT |
||
| 650 |
_aMCE _9379 |
||
| 942 |
_2ddc _cBK |
||
| 999 |
_c549073 _d549073 |
||